00504nam a2200157Ia 4500008004100000020001500041041000800056082001600064245003300080250000600113260005300119300001000172650000900182999001900191952013600210210716s2003 xx 000 0 und d a8120324137 aeng a004.68 NIIT aWorking with novell netware. a1 aNew DelhibPrentice Hall of India PVt Ltd.c2003 ax,498 aNone c185884d185884 001040708MCAaAIMITbAIMITeHigginbothams Pvt Ltdg325.00l0o004.68 NIITpMCA05392r2025-07-21 00:00:00v276.25w2021-07-16yBK